000 00338nam a2200133Ia 4500
008 230917s9999||||xx |||||||||||||| ||und||
040 _e96051
_aMAIN
041 _aEnglish
082 _a380 R137R
100 _aRajpal Singh
245 0 _aRole of banking institutions in rural development: An evaluation
300 _a315 p.
942 _cTH
999 _c87738
_d87738